Fictional Creatures A-Z #1 - Statistics

General Stats
  • This quiz has been taken 40 times
    28 since last reset
  • The average score is 12 of 25
Answer Stats
Letter Clue Answer % Correct
U A horse with a horn on it’s head Unicorn
90%
P A fiery bird that’s born from the ashes of it’s predecessor Phoenix
85%
V Just remember to avoid sunlight and mirrors… Vampire
85%
T The guardians of bridges Troll
80%
Y A giant ape in the Himalayas Yeti
80%
K Huge squid-like sea beast from Scandinavian mythology Kraken
75%
B A serpent-like creature that paralyzes it’s victims by looking into their eyes. Basilisk
70%
L Mischievous little beings from Irish folklore that normally have pots of gold Leprechaun
65%
G A snake-like creature that turns you to stone upon glance. Gorgon
55%
I Mischievous creatures known for destruction and havoc Imp
55%
O A large, hideous being that carries a club and feasts on humans Ogre
55%
A The God of all Pokemon Arceus
50%
E Tree like creatures from the world of Tolkien Ent
45%
F A man-goat nature spirit Faun
45%
W Only can move when nobody is looking at it. Weeping Angel
45%
Z Moooooooaaaaaaan Zombie
45%
M A hybrid between a Mockingbird and a Jabberjay Mockingjay
40%
Q An important Aztec god who’s name means “feathered serpent” Quetzalcoatl
25%
C A giant sea beast that drives anyone who looks at it to insanity Cthulhu
20%
D A giant koala-like bear that drops onto the heads of it’s victims Drop Bear
20%
J Frost giants from Norse mythology Jotunn
20%
N Water spirits from Greek mythology Naiad
20%
H Characters from Greek mythology with one hundred hands Hundred-Hander
15%
R A murderous goblin-like creature Redcap
10%
S Serpent that feasts on ships, lives right next to Charybdis Syclla
5%
No matching quizzes found
Score Distribution
Percent of People with Each Score
Percentile by Number Answered
Your Score History
You have not taken this quiz since the last reset